• 首页
  • 本馆介绍
  • 公告通知
  • 最新文献
  • 馆藏检索
  • 电子资源
  • 读者导购
  • 参考咨询
  • 我的图书馆
  • 登录
  • 详细信息显示
  • 放入我的书架
  • 预约/预借图书
  • 作者相关作品
  • 分类相关作品
  • 丛书相关作品
  • 出版社相关作品

书目信息

  • 表格格式
  • 工作单格式
  • 卡片格式
题名:
2005中国粮食发展报告
    
 
作者: 聂振邦 主编
分册:  
出版信息: 北京   经济管理出版社  2005
页数: 148页
开本: 28cm
丛书名:
单 册:
中图分类: F326.11
科图分类:
主题词: 粮食--发展--报告--中国--2005
电子资源:
ISBN: 7-80207-374-X
000 01154nam0 2200301 450
001 012004051982
005 20070807145553.45
009 012004051982
010    @a7-80207-374-X@dCNY150.00
035    @a(110019)012006056163
100    @a20060711d2005 em y0chiy0110 ea
101 0  @achi
102    @aCN@b110000
105    @ay z 000yy
106    @ar
200 1  @a2005中国粮食发展报告@A2005 zhong guo liang shi fa zhan bao gao@dChina grain development reoprt 2005@f聂振邦主编@Fnie zhen bang zhu bian@zeng
210    @a北京@c经济管理出版社@d2005
215    @a148页@d28cm@e1光盘
307    @a附光盘:ISBN 7-900153-50-0
330    @a本书包括粮食生产、粮食流通、粮食供求形势、粮食质量与标准、粮食流通体制改革、粮食法制建设与依法行政、粮食宏观调控、粮食行业发展、粮食基础设施与市场建设和粮食教育科研等内容。
510 1  @aChina grain development reoprt 2005@zeng
540 1  @a中国粮食发展报告@Azhong guo liang shi fa zhan bao gao@h2005
606 0  @a粮食@x发展@x报告@y中国@z2005
690    @aF326.11@v4
701  0 @a聂振邦@Anie zhen bang@4主编
801  0 @aCN@b110019@c20070807
801  2 @aCN@b110019@c20060711
905    @dF326.11@e106@f1
    
    2005中国粮食发展报告=China grain development reoprt 2005/聂振邦主编.-北京:经济管理出版社,2005
    148页;28cm+1光盘
    
    
    ISBN 7-80207-374-X:CNY150.00
    本书包括粮食生产、粮食流通、粮食供求形势、粮食质量与标准、粮食流通体制改革、粮食法制建设与依法行政、粮食宏观调控、粮食行业发展、粮食基础设施与市场建设和粮食教育科研等内容。
●
相关链接 在E读中查询图书 在五车中查询图书 在当当中查询图书 在豆瓣中查询图书


正题名:2005中国粮食发展报告     索取号:F326.11/106         预约/预借

序号 登录号 条形码 馆藏地/架位号 状态 备注
1 0853144   208531445   第一样本阅览室/ [索取号:F326.11/106] 在馆    
唐山师范学院图书馆 欢迎您!
大连网信软件有限公司© 版权所有